Statistics for Type Sri Lankas Capital

Click here to take the quiz!

General Stats

  • This quiz has been taken 479 times
  • The average score is 17 of 23

Answer Stats

Answer% Correct
S
100%
I
96%
R
96%
J
88%
A
86%
Y
80%
A
79%
A
78%
W
77%
R
75%
D
73%
E
70%
N
69%
A
60%
E
60%
K
60%
P
60%
R
60%
U
60%
O
59%
T
59%
T
59%
E
58%

Score Distribution

Percentile by Number Answered

Percent of People with Each Score

Your Score History

You have not taken this quiz